| 000 | 00361nam a22001337a 4500 | ||
|---|---|---|---|
| 020 | _a978-81-8360-127-6 | ||
| 041 | _aENG | ||
| 100 | _aAnsari I. M | ||
| 245 | _aObjective type Questions Bank On Food Process Engineering And Technologt | ||
| 260 |
_aNew Delhi _bJain Brothers _c2016 |
||
| 300 | _a314 | ||
| 650 | _aCompetitive Exam | ||
| 856 | _uCompetitive Exam | ||
| 999 |
_c179 _d179 |
||